| 000 | 00772nam a22002537a 4500 | ||
|---|---|---|---|
| 003 | dpl | ||
| 005 | 20170904123336.0 | ||
| 008 | 170904b xxu||||| |||| 00| 0 eng d | ||
| 010 | _aENG-120207 | ||
| 020 |
_c255.00 _a978123019857 |
||
| 035 | _aEN-103739 | ||
| 037 | _bDBAD/PUB | ||
| 040 | _c0 | ||
| 082 | _a792.9095452 | ||
| 245 |
_aBengali theatre : _cedited by Utpal K. Banerjee _b200 years / |
||
| 260 |
_aNew Delhi _bPublication Division _c1999 |
||
| 270 |
_aMinistry of Information & Broadcasting _bNew Delhi _e110001 |
||
| 300 |
_a273p. : _c23cm(pbk) _bill. |
||
| 500 | _aIncludes index. | ||
| 650 |
_aIndia--West Bengal _924137 |
||
| 650 |
_aBengali drama _923519 |
||
| 700 | _aBanerjee, Utpal K | ||
| 942 |
_2ddc _cEN _h792.9095452 _mBEN |
||
| 999 |
_c144004 _d144004 |
||